| 000 | 00351nam a2200133Ia 4500 | ||
|---|---|---|---|
| 008 | 240624s9999 xx 000 0 und d | ||
| 041 | _aeng | ||
| 082 | _a658.4058 BRO | ||
| 100 | _aBROWN DOUGLAS | ||
| 245 | _aBLACK BOOK OF OUTSOURCING HOW TO MANAGE | ||
| 260 |
_c2010 _aNeew Delhi _bWiley India |
||
| 300 | _axiv, : 366 : p. : cm. ; 23 | ||
| 365 | _cRS | ||
| 999 |
_c19184 _d19184 |
||